1340 1874 1817 1672 1298 1853 1912 1891 1494 1627 1343 1189 1543 1360 1855 1104 1864 1893 1706 1014 1232 1423 1778 1420 1604 1221 1463 1566 1770 1297 1847 1819 1380 1390 1277 1089 1271 1653 1826 1320 1119 1377 1954 1588 1871 1348 1286 1426 1879 1752 1220 1666 1354 1541 1392 1610 1403 1093 1931 1079 1566 1518 1595 1518 1761 1630 1112 1473 1614 1646 1876 1517 1243 1635 1291 1976 1142 1709 1437 1210 1498 1178 1135 1077 1665 1755 1980 1819 1882 1396 1168 1030 1865 1047 1968 1499 1098 1076 1329 BCNSPRNW ULIB Ver.6.0+V

เปลี่ยนเป็นภาษาไทย

Change to English
 แสดงรายละเอียดบรรณานุกรม
  กลับหน้าหลัก

Brief Record : Get Marc (ISO 2709) : E-mail record : QR code < ปิดหน้าต่าง
LEADER : 00000nam 2200000uu 4500
001    13399114320
003     ULIB
008    120321s2552||||th 000 0 tha d
020    ^a9786160600748
090    ^aนว.^bก710N 2552
100 0  ^aกุ๊กกาโร่ว
245 00 ^aNew Life ไขเงื่อนงำความทรงจำซ่อนรัก/^cกุ๊กกาโร่ว
250    ^aพิมพ์ครั้งที่ 1
260    ^aกรุงเทพฯ :^bแจ่มใส,^c2552
300    ^a185 หน้า
710 1  ^aแจ่มใส
945    ^p139^l0^i16303
995    ^aกัณชพร
999    ^aใช้งานได้ทุกระบบ
รายการนี้ยังไม่มีแท็ก
คุณยังไม่ได้ล็อกอิน คุณสามารถมีกิจกรรมร่วมกับเว็บไซต์ได้ แต่ต้องล็อกอินก่อน ::
  ล็อกอิน

รายการสื่อสารสนเทศ

ลำดับที่ ประเภท เลขเรียก/บาร์โค้ด สถานที่ สถานะ
1. นวนิยาย
นวนิยาย
นว. ก710N 2552  
  Barcode: 16303
ห้องสมุดวิทยาเขตสวรรค์ประชารักษ์
►นวนิยาย
บนชั้น
  ขอยืม

BibComment


ยังไม่เคยถูกคอมเมนท์

คอมเมนท์ทรัพยากรรายการนี้
  คอมเมนท์: New Life ไขเงื่อ..


 Copyright 2026. Bcnsprnw @Library